বাংলাদেশের স্বাধীনতা যুদ্ধ দলিলপত্র: একাদশ খণ্ড: (Record no. 25813)

MARC details
000 -LEADER
fixed length control field 00866nam a22001937a 4500
003 - CONTROL NUMBER IDENTIFIER
control field BDDh-ASL
005 - DATE AND TIME OF LATEST TRANSACTION
control field 20231015030548.0
008 - FIXED-LENGTH DATA ELEMENTS--GENERAL INFORMATION
fixed length control field 210916s1984 bg ||||| |||| 00| 0 be d
040 ## - CATALOGING SOURCE
Transcribing agency BDDh-ASL
082 ## - DEWEY DECIMAL CLASSIFICATION NUMBER
Classification number 954.92
Item number BAN
245 00 - TITLE STATEMENT
Title বাংলাদেশের স্বাধীনতা যুদ্ধ দলিলপত্র: একাদশ খণ্ড:
Remainder of title সশস্ত্র সংগ্রাম (৩) /
246 ## - VARYING FORM OF TITLE
Title proper/short title Bangladesher Shadhinata Juddha Dolilpotra. Vol-11:
260 ## - PUBLICATION, DISTRIBUTION, ETC.
Place of publication, distribution, etc. ঢাকা:
Name of publisher, distributor, etc. তথ্য মন্ত্রণালয়, গণপ্রজাতন্ত্রী বাংলাদেশ সরকার,
Date of publication, distribution, etc. 1984.
300 ## - PHYSICAL DESCRIPTION
Extent 22, 892 p.
Dimensions 24 cm.
504 ## - BIBLIOGRAPHY, ETC. NOTE
Bibliography, etc. note Include Index
650 #0 - SUBJECT ADDED ENTRY--TOPICAL TERM
9 (RLIN) 2813
Topical term or geographic name entry element Liberation War
Form subdivision History
700 ## - ADDED ENTRY--PERSONAL NAME
9 (RLIN) 1514
Personal name রহমান, হাসান হাফিজুর
942 ## - ADDED ENTRY ELEMENTS (KOHA)
Source of classification or shelving scheme Dewey Decimal Classification
Koha item type Books
Holdings
Withdrawn status Lost status Source of classification or shelving scheme Damaged status Not for loan Collection code Home library Current library Shelving location Date acquired Source of acquisition Serial Enumeration / chronology Total Checkouts Full call number Barcode Date last seen Copy number Price effective from Koha item type Public note
    Dewey Decimal Classification     Non-fiction Asiatic Society Library Asiatic Society Library Dhaka Collection 09/16/2021 ASB Collection V-11   954.92 BAN 111592 09/16/2021 C-1 09/16/2021 Books RARE

Powered by Koha